[Event "2024 British Rapidplay Championship"]
[Site "Holiday Inn Peterborough - West"]
[Date "2024.03.02"]
[Round "5.20"]
[White "Kanyamarala, Trisha"]
[Black "Khoury, Theo"]
[Result "1-0"]
[WhiteFideId "45004722"]
[BlackFideId "480703"]
[WhiteElo "2073"]
[BlackElo "1968"]
[EventDate "2024.03.02"]

1. d4 d5 2. c4 dxc4 3. e3 Nf6 4. Bxc4 e6 5. Nf3 c5 6. O-O Nc6 7. Nc3 a6 8. dxc5 Qxd1
9. Rxd1 Bxc5 10. a3 O-O 11. b4 Be7 12. Bb2 b6 13. Rac1 Bb7 14. Bb3 b5 15. Ne2 Rfd8
16. Ned4 Nxd4 17. Nxd4 Rac8 18. Ba2 Nd5 19. Nb3 Rxc1 20. Rxc1 Rc8 21. Nc5 Bxc5 22.
bxc5 Kf8 23. Be5 a5 24. e4 Ne7 25. f3 Nc6 26. Bd6+ Ke8 27. Rb1 b4 28. Bc4 Kd8 29.
axb4 axb4 30. Bb5 Ra8 31. Bxc6 Bxc6 32. Rxb4 Kd7 33. Rd4 Ra4 34. Rd2 Kc8 35. Be7
Kc7 36. Bd8+ Kc8 37. Be7 Kc7 38. Bf8 g6 39. Bd6+ Kc8 40. Rb2 Ra8 41. Kf2 f5 42. exf5
gxf5 43. Ke3 Kd7 44. Rd2 Bd5 45. Kf4 Rg8 46. Ke3 Ra8 47. Rd4 Ra2 48. Rh4 Rxg2 49.
Rxh7+ Kc6 50. h4 Rb2 51. f4 Rb3+ 52. Kd4 Rb1 53. Ke5 Rh1 54. h5 Kb5 55. h6 Kc4 56.
Rh8 Rh2 57. Kf6 Rh1 58. h7 Rh2 59. Be7 Rh1 60. c6 Bxc6 61. Rc8 Rxh7 62. Rxc6+ Kd5
63. Rc5+ Ke4 64. Bd6 Rh6+ 65. Kg5 Rh7 66. Re5+ Kd4 67. Rxe6 Kd5 68. Rg6 Rf7 69. Be5
Ke4 70. Ra6 Rf8 71. Ra4+ Ke3 72. Bf6 1-0

[Event "2024 British Rapidplay Championship"]
[Site "Holiday Inn Peterborough - West"]
[Date "2024.03.02"]
[Round "5.21"]
[White "Grigoryan, Meri"]
[Black "Banerjee, Supratit"]
[Result "0-1"]
[WhiteFideId "13300571"]
[BlackFideId "2410079"]
[WhiteElo "1957"]
[BlackElo "1962"]
[EventDate "2024.03.02"]

1. d4 d5 2. Nf3 Nf6 3. c4 e6 4. Nc3 Be7 5. Bg5 O-O 6. e3 c6 7. Bd3 dxc4 8. Bxc4 Nd5
9. Bxe7 Qxe7 10. Qc2 Nxc3 11. Qxc3 b6 12. O-O Bb7 13. Rac1 Nd7 14. Rfe1 c5 15. e4
cxd4 16. Qxd4 Nc5 17. Qe5 Rad8 18. Re3 Kh8 19. h4 f6 20. Qf4 e5 21. Qg4 Qd7 22. Qxd7
Rxd7 23. Bb5 Rd6 24. b4 Ne6 25. Ba4 Rfd8 26. Bb3 Nd4 27. Rc7 R6d7 28. Rxd7 Rxd7 29.
Ba4 b5 30. Bb3 Nxb3 31. axb3 g6 32. Kf1 Kg7 33. Ke2 Rc7 34. Kd2 Kf7 35. Ne1 Rd7+
36. Nd3 Rd4 37. f3 Bc8 38. Kc3 Ke7 39. Re1 a6 40. Nc5 Rd6 41. Re2 Rc6 42. Ra2 f5
43. Rd2 Rd6 44. Re2 f4 45. Ra2 h6 46. Nd3 Kf6 47. Re2 Be6 48. Nc5 Bc8 49. Nd3 Rc6+
50. Nc5 Ke7 51. Rd2 Rd6 52. Ra2 g5 53. Nd3 Rc6+ 54. Kd2 Kf6 55. hxg5+ hxg5 56. Ra1
Rd6 57. Kc3 Rc6+ 58. Nc5 g4 59. Rh1 Kg5 60. Rh8 Be6 61. Re8 Kf6 62. Kd3 Rd6+ 63.
Ke2 Bf7 64. Ra8 g3 65. Rh8 Rd4 66. Ra8 Rd6 67. Rh8 Kg7 68. Ra8 Rh6 69. Ra7 Rh2 70.
Kf1 Rh1+ 71. Ke2 Rg1 72. Nd7 Rxg2+ 73. Kf1 Rf2+ 74. Kg1 Bh5 75. Nxe5+ Kf6 76. Nd7+
Kg5 77. Ne5 Bxf3 78. Nxf3+ Rxf3 79. Rxa6 Rxb3 80. e5 f3 81. Ra8 Rb1# 0-1

[Event "2024 British Rapidplay Championship"]
[Site "Holiday Inn Peterborough - West"]
[Date "2024.03.02"]
[Round "5.22"]
[White "Birtwistle, Nigel"]
[Black "Fava, Lorenzo"]
[Result "1/2-1/2"]
[WhiteFideId "406945"]
[BlackFideId "2837434"]
[WhiteElo "2114"]
[BlackElo "1913"]
[EventDate "2024.03.02"]

1. e4 Nf6 2. e5 Nd5 3. d4 d6 4. c4 Nb6 5. exd6 cxd6 6. Nc3 g6 7. Be3 Bg7 8. Rc1 O-O
9. h3 Nc6 10. Nf3 e5 11. Be2 f5 12. dxe5 dxe5 13. c5 Nd7 14. Bc4+ Kh8 15. Bg5 Bf6
16. Bh6 Bg7 17. Bxg7+ Kxg7 18. Qd6 e4 19. Nd2 Nde5 20. Be2 Qxd6 21. cxd6 Nb4 22.
O-O Nbd3 23. Rc2 Be6 24. Nb5 Rac8 25. Nc7 Bf7 26. f3 e3 27. f4 Nxf4 28. Rxf4 exd2
29. Rxd2 Rfd8 30. Rb4 b6 31. Ba6 Rb8 32. b3 Nd7 33. Bc4 Nc5 34. Na6 Rbc8 35. Nxc5
Rxc5 36. Bxf7 Kxf7 37. Ra4 Rd7 38. Rh4 Ke6 39. Rhd4 Rc6 40. Re2+ Kf6 41. Red2 Ke5
42. Rd5+ Ke6 43. R5d3 Rcxd6 44. Re3+ Kf6 45. Rde2 Rd2 46. Rxd2 Rxd2 47. a4 Rb2 48.
Rc3 h5 49. Rc7 Rxb3 50. Rxa7 Kg5 51. Rb7 Rb4 52. Ra7 Kh4 53. Kh2 f4 54. a5 bxa5 55.
Rxa5 g5 56. Ra8 Rb2 57. Ra4 Rf2 58. Rb4 g4 59. Rxf4 Rxf4 60. g3+ Kg5 61. gxf4+ Kxf4
62. hxg4 hxg4 63. Kg2 Kf5 64. Kf1 Kg5 65. Kg1 Kf4 66. Kf2 g3+ 67. Kg2 Kg4 68. Kg1
Kf4 69. Kg2 Kg4 70. Kg1 Kf3 71. Kf1 g2+ 72. Kg1 Kg3 1/2-1/2

[Event "2024 British Rapidplay Championship"]
[Site "Holiday Inn Peterborough - West"]
[Date "2024.03.02"]
[Round "5.23"]
[White "Ortiz Sanchez, Luis"]
[Black "Cancedda-Dupuis, Livio"]
[Result "0-1"]
[WhiteFideId "24581160"]
[BlackFideId "499447"]
[WhiteElo "1909"]
[BlackElo "1960"]
[EventDate "2024.03.02"]

1. d4 Nf6 2. Nf3 e6 3. Bf4 d5 4. e3 Bd6 5. Nbd2 Bxf4 6. exf4 c5 7. c3 cxd4 8. cxd4
Nc6 9. Bd3 Qd6 10. g3 Qb4 11. Qb3 Bd7 12. O-O Qxb3 13. Nxb3 b6 14. Rac1 Ke7 15. Ne5
Rhc8 16. Ba6 Rc7 17. Rc3 Ne8 18. Rfc1 Nxe5 19. fxe5 Kd8 20. f4 Rxc3 21. Rxc3 Nc7
22. Bd3 h6 23. Kf2 Rc8 24. Ke3 Bb5 25. Rxc7 Rxc7 26. Bxb5 Rc2 27. Nd2 Rxb2 28. a4
Rc2 29. Kd3 Rc1 30. Ke3 Kc8 31. Be8 Rc3+ 32. Ke2 Rc7 33. Kd3 a6 34. Nb3 Re7 35. Bc6
Kc7 36. Bxd5 exd5 37. f5 h5 38. h3 Kc6 39. Ke3 b5 40. a5 b4 41. g4 hxg4 42. hxg4
Kb5 43. g5 Kc4 44. f6 gxf6 45. gxf6 Ra7 46. Nd2+ Kc3 0-1

[Event "2024 British Rapidplay Championship"]
[Site "Holiday Inn Peterborough - West"]
[Date "2024.03.02"]
[Round "5.24"]
[White "Hng, Mei-En Emmanuelle"]
[Black "Lalic, Susan K"]
[Result "1-0"]
[WhiteFideId "5804566"]
[BlackFideId "401510"]
[WhiteElo "1974"]
[BlackElo "2059"]
[EventDate "2024.03.02"]

1. Nf3 e6 2. c4 Nf6 3. Nc3 d5 4. e3 Be7 5. d4 O-O 6. Bd3 dxc4 7. Bxc4 c5 8. O-O Nbd7
9. Qe2 a6 10. a4 b6 11. d5 exd5 12. Nxd5 Nxd5 13. Bxd5 Rb8 14. Rd1 Qc7 15. e4 Nf6
16. Bc4 Bb7 17. e5 Bxf3 18. Qxf3 Nd7 19. e6 Ne5 20. exf7+ Kh8 21. Qg3 Bf6 22. Bf4
b5 23. axb5 axb5 24. Ba2 c4 25. Rd5 Qxf7 26. Bxe5 Qxd5 27. Bxb8 Bxb2 28. Rb1 Bd4
29. Rf1 Qa8 30. Bb1 Qxb8 31. Qh4 h6 32. Qe4 Kg8 33. Qxd4 Qe8 34. Qd5+ Kh8 35. h3
Rf6 36. Rd1 Rf8 37. Qd2 Qe7 38. Qc2 Kg8 39. Qh7+ Kf7 40. Bg6+ Kf6 41. Be4 Rd8 42.
Qg6+ Ke5 43. Qf5# 1-0

[Event "2024 British Rapidplay Championship"]
[Site "Holiday Inn Peterborough - West"]
[Date "2024.03.02"]
[Round "5.25"]
[White "Brett, Andrew R"]
[Black "Vaidyanathan, Adithya"]
[Result "0-1"]
[WhiteFideId "416460"]
[BlackFideId "495450"]
[WhiteElo "2119"]
[BlackElo "1805"]
[EventDate "2024.03.02"]

1. d4 Nf6 2. c4 c5 3. d5 b5 4. cxb5 a6 5. e3 e6 6. dxe6 fxe6 7. Nc3 d5 8. Nf3 Be7
9. bxa6 Bxa6 10. Bxa6 Nxa6 11. Qa4+ Nd7 12. Qg4 Kf7 13. O-O g6 14. Qf4+ Kg7 15. Ne2
Rf8 16. Qg4 Qb6 17. Nf4 Nc7 18. b3 Nf6 19. Bb2 Kg8 20. Qh3 Ne4 21. Qh6 Bf6 22. Bxf6
Nxf6 23. Nd3 Ne4 24. Nde5 Qd6 25. Qh4 Rf5 26. Rfd1 Rxe5 27. Qf4 Rf5 28. Qxe4 dxe4
29. Rxd6 exf3 30. Rc6 Ra7 31. Rd1 Rd5 32. Rc1 fxg2 33. Kxg2 Kf7 34. a4 Ke7 35. e4
Rg5+ 36. Kf3 Kd7 37. Rb6 Ra8 38. Rd1+ Kc8 39. h4 Rh5 40. Rc6 Ra6 41. Rxa6 Nxa6 42.
Rd6 Nc7 43. Kg3 c4 44. b4 Kb7 45. Rd4 c3 46. Rc4 Na6 47. Rxc3 g5 48. b5 Nc7 49. hxg5
Rxg5+ 50. Kf4 Rg2 51. Rh3 Rxf2+ 52. Ke5 Ra2 53. Rxh7 Rxa4 54. Kd6 Rd4+ 55. Kc5 Rxe4
56. b6 Re5+ 57. Kd4 Rd5+ 58. Ke4 Kxb6 59. Rh1 Kc6 60. Ra1 Rc5 61. Kd4 e5+ 62. Ke4
Kd6 63. Rh1 Rc4+ 64. Kd3 Rd4+ 65. Ke2 Ne6 66. Rh6 Kd5 67. Rh7 Nc5 68. Rh8 Ne4 69.
Rd8+ Nd6 70. Rd7 e4 71. Ra7 Ke5 72. Re7+ Kf5 73. Rd7 Ke6 74. Ra7 Nf5 75. Ra5 Rd5
76. Ra8 Ke5 77. Ra7 Kf4 78. Ra3 Ng3+ 79. Kf2 e3+ 80. Ke1 Kf3 81. Rxe3+ Kf4 82. Ra3
Nf5 83. Ke2 Nd4+ 84. Kf2 Rb5 85. Ra2 Rb3 86. Kg2 Ne6 87. Ra4+ Kf5 88. Ra5+ Kg4 89.
Ra4+ Nf4+ 90. Kf2 Rf3+ 91. Ke1 Kf5 92. Kd2 Ne6 93. Ra5+ Ke4 94. Ra8 Kd4 95. Ra4+
Ke5 96. Ra5+ Ke4 97. Ra4+ Nd4 98. Ra8 Rd3+ 99. Kc1 Rc3+ 100. Kb2 Kd3 101. Rh8 Rc2+
102. Kb1 Rg2 103. Rh3+ Kc4 104. Re3 Nb5 105. Re8 Rd2 106. Rh8 Kb3 107. Kc1 Rf2 108.
Rb8 Kc4 109. Rc8+ Kd3 110. Rd8+ Nd4 111. Ra8 Nb3+ 112. Kb1 Nd2+ 113. Kb2 Nc4+ 114.
Kb1 Kc3 115. Ra7 Rf1+ 116. Ka2 Re1 117. Rh7 Re2+ 118. Kb1 Na3+ 0-1

[Event "2024 British Rapidplay Championship"]
[Site "Holiday Inn Peterborough - West"]
[Date "2024.03.02"]
[Round "5.26"]
[White "Borrowdale, Graham E"]
[Black "Dupuis, Denis K"]
[Result "0-1"]
[WhiteFideId "416673"]
[BlackFideId "452980"]
[WhiteElo "1905"]
[BlackElo "1934"]
[EventDate "2024.03.02"]

1. c4 e5 2. Nc3 Nf6 3. Nf3 Nc6 4. e3 d5 5. cxd5 Nxd5 6. Bb5 Nxc3 7. bxc3 Bd6 8. d4
exd4 9. cxd4 O-O 10. O-O Bg4 11. Be2 Re8 12. Bb2 Qf6 13. Rb1 Qg6 14. Nh4 Bxe2 15.
Qxe2 Qe6 16. Bc3 Rad8 17. Rxb7 Qe4 18. g3 Nxd4 19. Bxd4 Qxb7 20. Qg4 Be5 21. Nf5
Bxd4 22. exd4 g6 23. Qg5 Qe4 24. Nh6+ Kg7 25. Ng4 Qxd4 26. h4 Rd5 27. Qh6+ Kh8 28.
Ne3 Rh5 29. Qg5 Qc4 0-1

[Event "2024 British Rapidplay Championship"]
[Site "Holiday Inn Peterborough - West"]
[Date "2024.03.02"]
[Round "5.27"]
[White "Hunt, Harriet V"]
[Black "Vashisht-Pigem, Raman"]
[Result "1-0"]
[WhiteFideId "403512"]
[BlackFideId "469734"]
[WhiteElo "2342"]
[BlackElo "1990"]
[EventDate "2024.03.02"]

1. e4 e6 2. d4 d5 3. Nd2 Nc6 4. Ngf3 Nf6 5. e5 Nd7 6. Be2 f6 7. exf6 Qxf6 8. Nf1
Bd6 9. Ne3 O-O 10. O-O Qg6 11. c4 Nf6 12. Re1 Bd7 13. a3 a5 14. g3 Rae8 15. Ng2 e5
16. cxd5 Nxd4 17. Nxd4 exd4 18. Qxd4 Ng4 19. Bxg4 Rxe1+ 20. Nxe1 Bxg4 21. Be3 Bf5
22. Bf4 Bxf4 23. Qxf4 Be4 24. Qxc7 Bxd5 25. Qe5 Bc6 1-0

[Event "2024 British Rapidplay Championship"]
[Site "Holiday Inn Peterborough - West"]
[Date "2024.03.02"]
[Round "5.28"]
[White "Harvey, Alan"]
[Black "Jones, Steven A"]
[Result "0-1"]
[WhiteFideId "445886"]
[BlackFideId "419630"]
[WhiteElo "1996"]
[BlackElo "2194"]
[EventDate "2024.03.02"]

1. f4 d5 2. Nf3 Bg4 3. e3 Nd7 4. h3 Bxf3 5. Qxf3 c6 6. c4 Ngf6 7. d4 Ne4 8. Bd3 Ndf6
9. O-O e6 10. Nd2 Nxd2 11. Bxd2 Be7 12. Bc3 O-O 13. c5 b6 14. b4 a5 15. a3 Nd7 16.
f5 exf5 17. Bxf5 axb4 18. axb4 Rxa1 19. Rxa1 bxc5 20. bxc5 Bf6 21. Qg3 Nxc5 22. Bb4
Nb3 23. Rb1 Nxd4 24. exd4 Bxd4+ 25. Kh1 c5 26. Bc3 Qf6 27. Bxd4 Qxd4 28. Rb8 g6 29.
Bg4 c4 30. Rb1 Qe4 31. Qe1 Qxe1+ 32. Rxe1 d4 33. Rc1 c3 34. Be2 Re8 35. Bc4 Re3 36.
Rd1 c2 37. Rc1 Rc3 38. Be2 Kg7 39. Kg1 Kf6 40. Kf2 Ke5 41. Ke1 d3 42. Bxd3 Rxd3 43.
Rxc2 Kf4 44. Kf2 f5 45. g3+ Kg5 46. Kg2 Ra3 47. Rb2 Ra4 48. Rc2 h5 49. h4+ Kg4 50.
Rf2 f4 51. gxf4 Rxf4 52. Ra2 Kxh4 53. Kh2 Rb4 54. Rc2 g5 55. Ra2 g4 56. Rc2 g3+ 57.
Kg2 Kg4 58. Ra2 h4 59. Ra1 Rb2+ 60. Kh1 Rd2 61. Rb1 Kf3 62. Rf1+ Ke2 63. Rf2+ gxf2
0-1

[Event "2024 British Rapidplay Championship"]
[Site "Holiday Inn Peterborough - West"]
[Date "2024.03.02"]
[Round "5.29"]
[White "Sagues, Vincent"]
[Black "Eckersley-Waites, Tom"]
[Result "0-1"]
[WhiteFideId "625680"]
[BlackFideId "412449"]
[WhiteElo "1891"]
[BlackElo "2264"]
[EventDate "2024.03.02"]

1. e4 c5 2. Nf3 Nc6 3. d4 cxd4 4. Nxd4 Nf6 5. Nc3 e5 6. Ndb5 d6 7. Bg5 a6 8. Na3
b5 9. Nd5 Be7 10. Bxf6 Bxf6 11. c4 Nd4 12. Nc2 Bb7 13. Nxd4 exd4 14. cxb5 Bxd5 15.
exd5 O-O 16. Be2 axb5 17. O-O b4 18. Qb3 Rb8 19. Rac1 Re8 20. Bd3 h5 21. Rc4 Qa5
22. Rc6 Ra8 23. Bc4 Be5 24. Qf3 g6 25. Bb3 Ra7 26. Rfc1 Qd8 27. Qh3 Kg7 28. Rc8 Qg5
29. Rd1 Ree7 30. Rc4 Reb7 31. Qd3 h4 32. g3 Ra8 33. Qd2 Qg4 34. Re1 h3 35. Qe2 Qg5
36. Rf1 Bf6 37. f4 Qxd5 38. Rfc1 d3 39. Qf2 Re7 40. Re1 Rxe1+ 0-1

[Event "2024 British Rapidplay Championship"]
[Site "Holiday Inn Peterborough - West"]
[Date "2024.03.02"]
[Round "5.30"]
[White "Okhai, Shabir"]
[Black "Leung, Hao Ran"]
[Result "1-0"]
[WhiteFideId "445134"]
[BlackFideId "6012620"]
[WhiteElo "2077"]
[BlackElo "1865"]
[EventDate "2024.03.02"]

1. e4 c6 2. d4 d5 3. e5 c5 4. dxc5 e6 5. a3 Bxc5 6. Qg4 Bf8 7. Nf3 Nc6 8. Bd3 Nge7
9. O-O Qc7 10. Re1 Ng6 11. Qg3 Bc5 12. h4 Nd4 13. Nbd2 Bd7 14. h5 Ne7 15. Nxd4 Bxd4
16. Nf3 Bb6 17. Qxg7 Rg8 18. Qxh7 O-O-O 19. Bg5 Bc6 20. Qxf7 Rdf8 21. Qxe6+ Qd7 22.
Qxd7+ Kxd7 23. Bf6 d4 24. Be4 Bxe4 25. Rxe4 Ke6 26. h6 Kd5 27. Rh4 Ng6 28. Rg4 Nh8
29. Rxg8 Rxg8 30. Rd1 Ng6 31. h7 Re8 32. c3 Ke4 33. Nxd4 Bd8 34. f3+ Kf4 35. Bxd8
Nxe5 36. Bc7 Rh8 37. g3+ Kg5 38. Bxe5 Rxh7 39. Kg2 a6 40. Rh1 Re7 41. f4+ Kg6 42.
Kf3 b5 43. g4 Re8 44. f5+ Kf7 45. Rh7+ 1-0

[Event "2024 British Rapidplay Championship"]
[Site "Holiday Inn Peterborough - West"]
[Date "2024.03.02"]
[Round "5.31"]
[White "Pink, Joshua"]
[Black "Pickard, Charles"]
[Result "1-0"]
[WhiteFideId "424790"]
[BlackFideId "470880"]
[WhiteElo "1891"]
[BlackElo "2190"]
[EventDate "2024.03.02"]

1. Nc3 c5 2. Nf3 Nc6 3. d4 cxd4 4. Nxd4 Nf6 5. g3 e6 6. Bg2 d5 7. O-O Bc5 8. Nxc6
bxc6 9. e4 O-O 10. Qe2 a5 11. Bg5 Ba6 12. Qf3 Bxf1 13. Rxf1 Be7 14. Rd1 Rb8 15. b3
Nd7 16. Bf4 Rb7 17. Ne2 e5 18. exd5 exf4 19. dxc6 Ne5 20. Rxd8 Nxf3+ 21. Bxf3 Rxd8
22. cxb7 Bd6 23. Nxf4 Kf8 24. Nd5 g6 25. c4 f5 26. Nb6 Ke7 27. Bc6 Bc7 28. Nc8+ Ke6
29. Bd5+ Ke5 30. a3 Kd4 31. b4 a4 32. Na7 Re8 33. Nb5+ 1-0

[Event "2024 British Rapidplay Championship"]
[Site "Holiday Inn Peterborough - West"]
[Date "2024.03.02"]
[Round "5.32"]
[White "Starley, Robert"]
[Black "Brocklehurst, Andrew"]
[Result "1-0"]
[WhiteFideId "421006"]
[BlackFideId "424765"]
[WhiteElo "1944"]
[BlackElo "1896"]
[EventDate "2024.03.02"]

1. e4 c5 2. Nf3 Nc6 3. b4 e6 4. bxc5 Bxc5 5. d4 Be7 6. d5 exd5 7. exd5 Bf6 8. c3
Qe7+ 9. Be2 Ne5 10. O-O Nh6 11. Bxh6 gxh6 12. d6 Qe6 13. Re1 O-O 14. Qd2 b6 15. Nxe5
Bxe5 16. f4 Bxd6 17. Bf3 Qf6 18. Bxa8 Bxf4 19. Qc2 Qh4 20. g3 Bxg3 21. hxg3 Qxg3+
22. Qg2 1-0

[Event "2024 British Rapidplay Championship"]
[Site "Holiday Inn Peterborough - West"]
[Date "2024.03.02"]
[Round "5.33"]
[White "Jackson, Sheila"]
[Black "Larchikov, Maksym"]
[Result "0-1"]
[WhiteFideId "402508"]
[BlackFideId "34120815"]
[WhiteElo "1986"]
[BlackElo "1981"]
[EventDate "2024.03.02"]

1. e4 c5 2. Nf3 d6 3. Bb5+ Bd7 4. Bxd7+ Qxd7 5. d4 cxd4 6. Nxd4 g6 7. O-O Bg7 8.
Be3 Nf6 9. f3 Nc6 10. c4 Rc8 11. Nc3 O-O 12. b3 Ne8 13. Qd2 Nc7 14. Rfd1 Ne6 15.
Nxc6 bxc6 16. Bh6 c5 17. Bxg7 Kxg7 18. e5 Nd4 19. exd6 Qxd6 20. Ne4 Qe5 21. Re1 Rfd8
22. Qf2 Qf4 23. Rad1 a5 24. Nc3 e6 25. Re4 Qf6 26. Ree1 Qf5 27. Na4 Nc2 28. Rf1 Nd4
29. Rfe1 h5 30. h4 f6 31. Nc3 Nc2 32. Rf1 Nd4 33. Rfe1 Qc2 34. Qxc2 Nxc2 35. Rxd8
Rxd8 36. Rxe6 Nb4 37. a3 Nc2 38. a4 Rd3 39. Nd5 Rxb3 40. Rxf6 Nb4 41. Rd6 Rb1+ 42.
Kh2 Rc1 43. Rd7+ Kf8 44. Ra7 Rxc4 45. Rxa5 Nxd5 46. Ra7 Rd4 47. a5 c4 48. Ra8+ Kg7
49. Rc8 c3 50. a6 Ra4 51. Rc5 Ne7 52. Rxc3 Rxa6 53. g4 Rf6 54. Kg3 Nd5 55. Rc5 Rd6
56. gxh5 gxh5 57. f4 Nf6 58. Rg5+ Kf7 59. Kf3 Rd3+ 60. Ke2 Rh3 0-1

[Event "2024 British Rapidplay Championship"]
[Site "Holiday Inn Peterborough - West"]
[Date "2024.03.02"]
[Round "5.34"]
[White "Rich, Aaron"]
[Black "Zhao, George"]
[Result "1-0"]
[WhiteFideId "499951"]
[BlackFideId "494607"]
[WhiteElo "1767"]
[BlackElo "1909"]
[EventDate "2024.03.02"]

1. b3 e6 2. Bb2 d5 3. e3 Nf6 4. f4 c5 5. Nf3 Nc6 6. Bb5 Bd7 7. O-O Be7 8. Qe1 h6
9. Bxc6 Bxc6 10. Ne5 Qc7 11. d3 Bd7 12. Nd2 a6 13. a4 b6 14. Ndf3 O-O 15. Qg3 b5
16. Ng4 Nxg4 17. Qxg4 f6 18. Nh4 e5 19. Qg3 exf4 20. exf4 Bd6 21. axb5 Bxb5 22. Nf5
Kh8 23. Rae1 c4 24. Re7 Qxe7 25. Nxe7 Bxe7 26. bxc4 dxc4 27. dxc4 Bxc4 28. Re1 Bc5+
29. Kh1 a5 30. Ba3 Bxa3 31. Qxa3 a4 32. h3 Rfc8 33. Re7 Bd5 34. Qg3 Rg8 35. Re3 Ra7
36. Ra3 Re8 37. Qf2 Rae7 38. Qc5 Bb7 39. Rg3 Re4 40. Qh5 R8e7 41. Qf5 Re2 42. Qd3
Bc6 43. Qd8+ Be8 44. Qc8 Rf2 45. Qc5 Rfe2 46. Qc8 R2e6 47. Kh2 Kh7 48. Qc4 Re4 49.
Qd3 f5 50. Qd6 R4e6 51. Qd5 g6 52. h4 Bc6 53. Qc4 h5 54. Qc5 Rd7 55. Rd3 Rxd3 56.
cxd3 a3 57. d4 a2 58. Qa7+ Kh6 59. Qxa2 Re4 60. Qg8 Re7 61. Qh8+ Rh7 62. Qf6 Bd7
63. Qg5+ Kg7 64. Qe7+ Kh6 65. Qg5+ Kg7 66. d5 Bb5 67. d6 Rh8 68. Qe7+ Kh6 69. d7
Bxd7 70. Qxd7 Rg8 71. Kg3 Rg7 72. Qd8 Kh7 73. Kf3 Ra7 74. Qd6 Rb7 75. Ke3 Rb3+ 76.
Kd4 Rb7 77. Ke5 Rf7 78. Ke6 Ra7 79. Kf6 Rb7 80. Kg5 Rg7 81. Qf8 Ra7 82. Qh6+ Kg8
83. Qxg6+ Rg7 84. Qxg7+ Kxg7 85. Kxf5 Kh6 86. Kf6 Kh7 87. Kg5 Kg7 88. Kxh5 Kf6 89.
g4 Ke6 90. Kh6 Kf6 91. Kh7 Kf7 92. g5 Ke6 93. g6 Kf5 94. g7 Kxf4 95. g8=Q Ke5 96.
Qc4 Kf5 97. Qd4 Ke6 98. Qc5 Kd7 99. Qb6 Ke7 100. Kg6 Kd7 101. Kf5 Ke7 102. Qe6+ Kd8
103. Qf7 Kc8 104. h5 Kb8 105. h6 Ka8 106. h7 Kb8 107. h8=R# 1-0

[Event "2024 British Rapidplay Championship"]
[Site "Holiday Inn Peterborough - West"]
[Date "2024.03.02"]
[Round "5.35"]
[White "Pelling, Kyle"]
[Black "Ledger, Stephen C"]
[Result "0-1"]
[WhiteFideId "462942"]
[BlackFideId "404470"]
[WhiteElo "1818"]
[BlackElo "1983"]
[EventDate "2024.03.02"]

1. e4 c5 2. Nf3 Nc6 3. d4 cxd4 4. Nxd4 e5 5. Nb5 a6 6. Nd6+ Bxd6 7. Qxd6 Qf6 8. Qa3
Qg6 9. Nd2 Nge7 10. Qd3 O-O 11. b3 d5 12. Ba3 dxe4 13. Qg3 Bf5 14. Qxg6 Bxg6 15.
O-O-O Rfd8 16. g3 Nd5 17. Nc4 b5 18. Ne3 Nc3 19. Rxd8+ Rxd8 20. Kb2 Nd1+ 21. Nxd1
Rxd1 22. Bc5 Nd4 23. Bg2 Rd2 24. Bxd4 exd4 25. Re1 e3 26. fxe3 Rxc2+ 27. Ka3 Rxg2
28. exd4 f6 29. Kb4 Rxa2 30. d5 Kf7 31. d6 Bf5 32. Re7+ Kg6 33. Kc3 Ra1 34. Ra7 a5
35. Rb7 a4 36. Rxb5 axb3 37. Rxb3 Rd1 38. Rb6 h5 39. h4 Rd3+ 40. Kc4 Rxg3 41. Rb7
Rg4+ 42. Kc3 Rxh4 43. Rb5 Be6 44. Rb1 Rf4 45. Rb7 h4 46. Re7 Bf5 47. Ra7 h3 0-1

[Event "2024 British Rapidplay Championship"]
[Site "Holiday Inn Peterborough - West"]
[Date "2024.03.02"]
[Round "5.36"]
[White "Rich, Ben S"]
[Black "Sasikumar, Srivathsan"]
[Result "0-1"]
[WhiteFideId "490431"]
[BlackFideId "343401279"]
[WhiteElo "1918"]
[BlackElo "1766"]
[EventDate "2024.03.02"]

1. a3 d5 2. c4 e6 3. e3 Nf6 4. b4 c6 5. Bb2 Nbd7 6. Nf3 Be7 7. Nc3 b6 8. Qc2 Bb7
9. Be2 O-O 10. d3 Rc8 11. O-O Qc7 12. Rac1 e5 13. Bd1 Rfe8 14. Qb3 Qb8 15. b5 Nc5
16. Qc2 e4 17. Ne1 cxb5 18. Nxb5 exd3 19. Nxd3 dxc4 20. Nxc5 Rxc5 21. Nd4 Be4 22.
Qd2 Rd8 23. f3 Bb7 24. e4 Bd6 25. g3 Be5 26. Qf2 c3 27. Bxc3 Rxc3 28. Rxc3 Bxd4 29.
Re3 Qc7 30. Kg2 Qc5 31. Qd2 Rd7 32. Rd3 Ba6 33. Ba4 Bxd3 34. Qxd3 Rd6 35. Qe2 Bc3
36. Rd1 h6 37. Bc2 Rxd1 38. Qxd1 Qd4 39. Qxd4 Bxd4 40. f4 Nd7 41. Kf3 Nc5 42. a4
Kf8 43. h4 Ke7 44. g4 a6 45. g5 b5 46. axb5 axb5 47. f5 b4 48. Ke2 hxg5 49. hxg5
Kd6 50. Bb1 Ke5 51. Kf3 b3 52. f6 g6 53. Ke2 Nxe4 54. Kd3 Nxg5 55. Kc4 b2 56. Kd3
Ne4 0-1

[Event "2024 British Rapidplay Championship"]
[Site "Holiday Inn Peterborough - West"]
[Date "2024.03.02"]
[Round "5.37"]
[White "Fellowes, Billy"]
[Black "Milewska, Agnieszka"]
[Result "1-0"]
[WhiteFideId "483540"]
[BlackFideId "1196391"]
[WhiteElo "1959"]
[BlackElo "1823"]
[EventDate "2024.03.02"]

1. d4 d5 2. Bf4 Nf6 3. Nc3 e6 4. Nb5 Na6 5. e3 c6 6. Nc3 Nc7 7. Nf3 Bd6 8. Ne5 O-O
9. Qf3 a6 10. Bd3 Bb4 11. Bg5 Bxc3+ 12. bxc3 h6 13. Bh4 Nb5 14. Ng4 Qa5 15. Nxf6+
Kh8 16. O-O Nxc3 17. Nh7 Qb4 18. Nxf8 Qxf8 19. a4 f5 20. Qf4 g5 21. Qe5+ Kh7 22.
Bg3 Kg6 23. f3 b5 24. axb5 cxb5 25. Qd6 Qe8 26. Be1 Na4 27. e4 f4 28. exd5+ Kf7 29.
Bb4 exd5 30. Qg6# 1-0

[Event "2024 British Rapidplay Championship"]
[Site "Holiday Inn Peterborough - West"]
[Date "2024.03.02"]
[Round "5.38"]
[White "Kothari, Jai"]
[Black "Kairat, Alexander"]
[Result "1-0"]
[WhiteFideId "477117"]
[BlackFideId "498629"]
[WhiteElo "1908"]
[BlackElo "1723"]
[EventDate "2024.03.02"]

1. e4 e5 2. Nf3 Nc6 3. d4 exd4 4. Nxd4 Bc5 5. Nb3 Bb6 6. Nc3 Nf6 7. Qe2 d6 8. f3
Be6 9. Be3 Qe7 10. O-O-O Ne5 11. Bd4 Nfd7 12. f4 Bg4 13. Qe1 Bxd1 14. Nd5 Qd8 15.
fxe5 Bxd4 16. Nxd4 Bg4 17. exd6 cxd6 18. Qg3 Qg5+ 19. Kb1 O-O 20. h3 Qd2 21. Bd3
Bh5 22. Nf5 Bg6 23. Nde7+ Kh8 24. h4 Nf6 25. h5 Bxf5 26. Nxf5 Ne8 27. e5 dxe5 28.
h6 g6 29. Qxe5+ f6 30. Qe7 Rg8 31. Nd6 Rg7 32. Qf8+ Rg8 33. Nf7# 1-0

[Event "2024 British Rapidplay Championship"]
[Site "Holiday Inn Peterborough - West"]
[Date "2024.03.02"]
[Round "5.39"]
[White "Lishoy Gengis Paratazham, Dildarav"]
[Black "Railwani, Tavish"]
[Result "1-0"]
[WhiteFideId "491462"]
[BlackFideId "2410249"]
[WhiteElo "1913"]
[BlackElo "1714"]
[EventDate "2024.03.02"]

1. e4 e6 2. Nc3 d5 3. d3 Nf6 4. e5 Nfd7 5. f4 c5 6. g3 Nc6 7. Bg2 b6 8. Nf3 Bb7 9.
O-O Be7 10. Ne2 O-O 11. c3 f6 12. exf6 Bxf6 13. h3 Qc7 14. Be3 Rae8 15. Bf2 e5 16.
fxe5 Ndxe5 17. Nf4 d4 18. cxd4 Nxf3+ 19. Qxf3 cxd4 20. Qd5+ Kh8 21. Ne6 Rxe6 22.
Qxe6 Nd8 23. Qe2 Ba6 24. Rac1 Qd6 25. Rcd1 Ne6 26. Rfe1 Nc5 27. Qh5 g6 28. Qe2 Bg7
29. a3 Rd8 30. h4 Rf8 31. Be4 Qf6 32. Rf1 Qe6 33. Bf3 Qd6 34. Bg2 Rd8 35. Qc2 Rf8
36. b4 Ne6 37. Qa4 b5 38. Qb3 Nc7 39. Rc1 Ne6 40. Rc6 Qd7 41. Qxe6 Qxe6 42. Rxe6
Bc8 43. Re2 Bf5 44. Be4 Bg4 45. Rc2 a6 46. Rc6 Bh3 47. Rfc1 a5 48. bxa5 Ra8 49. a6
Re8 50. a7 Bh6 51. Re1 Ra8 52. Ra6 Rc8 53. a8=R Rxa8 54. Rxa8+ Kg7 55. Bxd4+ Kf7
56. Bd5+ Be6 57. Bxe6+ Ke7 58. Bc5+ Kf6 59. Rf8+ Kg7 60. Rf7+ Kg8 61. Ra7+ Kh8 62.
Bd4+ Bg7 63. Ra8# 1-0

[Event "2024 British Rapidplay Championship"]
[Site "Holiday Inn Peterborough - West"]
[Date "2024.03.02"]
[Round "5.40"]
[White "Vijayakumar, Rishi"]
[Black "Baer, Bruce L"]
[Result "1-0"]
[WhiteFideId "2408953"]
[BlackFideId "488801"]
[WhiteElo "1809"]
[BlackElo "1918"]
[EventDate "2024.03.02"]

1. d4 g6 2. e4 Bg7 3. Nc3 a6 4. Be3 b5 5. a3 d6 6. h4 Nf6 7. h5 Nxh5 8. Rxh5 gxh5
9. Qxh5 Nd7 10. e5 Nf8 11. O-O-O d5 12. f4 c6 13. f5 Qa5 14. Na2 c5 15. dxc5 Bxe5
16. Nf3 Bf6 17. Nb4 e6 18. c6 Qc7 19. Qh6 Be7 20. Qg7 a5 21. Nd3 f6 22. Qxh8 b4 23.
a4 Qxc6 24. Nd4 Qxa4 25. Nc5 Qa1+ 26. Kd2 Qxb2 27. Bb5+ Kd8 28. Ndxe6+ Bxe6 29. Nxe6+
Kc8 30. Bd4 Qa3 31. Nxf8 Kb7 32. Qg7 b3 33. Qf7 Qd6 34. Ne6 bxc2 35. Bc5 cxd1=Q+
36. Kxd1 1-0